000 00866cam a22002534a 4500
001 3102449
005 20250207191431.0
008 990608s2000 nju b 001 0 eng
020 _a9780023296710
050 0 0 _aRC480.5
_b.D56 2000
082 0 0 _a616.89/14
_221
100 1 _aDinkmeyer, Don
_d1952-
245 1 0 _aCounseling and psychotherapy :
_ban integrated, individual psychology approach /
_cDon Dinkmeyer, Jr., Len Sperry.
250 _a3rd ed.
260 _aUpper Saddle River, N.J. :
_bMerrill,
_cc2000.
300 _axix, 313 p. ;
_c24 cm.
500 _aPrev. editions entitled: Adlerian counseling and psychotherapy.
650 0 _aPsychotherapy.
650 0 _aAdlerian psychology.
650 0 _aCounseling.
700 1 _aDinkmeyer, Don C.,
_d1952- .
_tAdlerian counseling and psychotherapy.
700 1 _aSperry, Len.
942 _2lcc
_cBK
_e3rd ed.
_n0
999 _c3603
_d3603